|
|
|
|
| LEADER |
00000nab a2200000 a 4500 |
| 001 |
vtls011120045 |
| 003 |
SK-MaSNL |
| 005 |
20260303145453.0 |
| 008 |
230222|2012 xo |||||||||||||||||eng| |
| 015 |
|
|
|a SNBRB
|
| 035 |
|
|
|a (uuid)0e7b45b2-0e75-42ea-b50b-8b28898adda7
|
| 035 |
|
|
|a (urnnbn)urn:nbn:sk:snk:ar-a08p3h
|
| 035 |
|
|
|a urn:nbn:sk:snk-ab9qnb
|
| 040 |
|
|
|a SNKBUCL
|b slo
|c SNKBUCL
|e AACR2
|
| 041 |
0 |
|
|a eng
|
| 044 |
|
|
|a xo
|c SK
|
| 100 |
1 |
|
|a Saleh Mothana OBADI
|4 aut
|9 814520
|
| 245 |
1 |
4 |
|a The Analysis of Natural Gas and Crude Oil Market from the Global and EU Perspective
|c Saleh Mothana Obadi, Matej Korček
|
| 700 |
1 |
|
|a Korček, Matej
|4 aut
|9 158704
|
| 773 |
0 |
|
|t Studia commercialia Bratislavensia : vedecký časopis Obchodnej fakulty Ekonomickej univerzity v Bratislave
|g Roč. 5, č. 2 (2012), s. 110-124
|
| 958 |
|
|
|a OND
|
| 958 |
|
|
|a EUIPO
|
| 958 |
|
|
|a article13
|
| 999 |
|
|
|c 2003168
|d 2005098
|